Charly, el ratón cazagatos /
En el País de la Buena Hierba, la vida transcurriría tranquila si no fuera por lo que molestan algunos personajes, como el gato Schultz. Charly, un simpático ratón, listo y audaz, tendrá que enfrentarse a más de un enemigo. Aunque cuenta con la ayuda de Don Pico, el pájaro carpintero, su habilidad y...
Guardado en:
| Autor Principal: | |
|---|---|
| Otros Autores: | |
| Formato: | Libro |
| Idioma: | Undetermined |
| Publicado: |
Madrid :
Anaya,
1998.
|
| Series: | Sopa de libros ;
25 |
| Materias: | |
| Etiquetas: |
Agregar Etiqueta
Sin Etiquetas, Sea el primero en etiquetar este registro!
|
| LEADER | 01073nam a22002175a 4500 | ||
|---|---|---|---|
| 001 | CEM.cems021108 | ||
| 008 | 240426s1998####sp############000#0#und#d | ||
| 005 | 20240426145506.0 | ||
| 245 | 1 | 0 | |a Charly, el ratón cazagatos / |c Gerd Fuchs ; ilustrado por Manfred Bofinger. |
| 260 | |a Madrid : |b Anaya, |c 1998. | ||
| 300 | |a 80 p. | ||
| 490 | 1 | |a Sopa de libros ; |v 25 | |
| 500 | |a A partir de 8 años. | ||
| 520 | |a En el País de la Buena Hierba, la vida transcurriría tranquila si no fuera por lo que molestan algunos personajes, como el gato Schultz. Charly, un simpático ratón, listo y audaz, tendrá que enfrentarse a más de un enemigo. Aunque cuenta con la ayuda de Don Pico, el pájaro carpintero, su habilidad y astucia serán decisivas en su aventura: ser campeón no es fácil, pero es sorprendente la recompensa... | ||
| 020 | |a 8420790060 | ||
| 100 | 1 | |a Fuchs, Gerd. | |
| 700 | 1 | |a Bofinger, Manfred; il. | |
| 653 | |a Literatura alemana | ||
| 653 | |a Literatura infantil | ||
| 653 | |a Novela infantil | ||
| 859 | |a CEMS |b BIB. CEMS - Inicial y Primaria |h 833.9 |i F951 |k IP |p 1815 |t Ej.1 | ||
